<?xml version="1.0" encoding="UTF-8"?>
<record
    xmlns:xsi="http://www.w3.org/2001/XMLSchema-instance"
    xsi:schemaLocation="http://www.loc.gov/MARC21/slim http://www.loc.gov/standards/marcxml/schema/MARC21slim.xsd"
    xmlns="http://www.loc.gov/MARC21/slim">

  <leader>02863nam a22001457a 4500</leader>
  <controlfield tag="008">140618b        xxu||||| |||| 00| 0 eng d</controlfield>
  <datafield tag="020" ind1=" " ind2=" ">
    <subfield code="a">780523214780623314</subfield>
  </datafield>
  <datafield tag="050" ind1=" " ind2=" ">
    <subfield code="a">RA410.047</subfield>
  </datafield>
  <datafield tag="100" ind1=" " ind2=" ">
    <subfield code="a">Olsen,Jan Abel</subfield>
  </datafield>
  <datafield tag="245" ind1=" " ind2=" ">
    <subfield code="a">Principles in health economics and policy. /</subfield>
    <subfield code="c">Jan Abel Olsen</subfield>
  </datafield>
  <datafield tag="260" ind1=" " ind2=" ">
    <subfield code="a">New york</subfield>
    <subfield code="b">Oxford univ press.</subfield>
    <subfield code="c">2009</subfield>
  </datafield>
  <datafield tag="300" ind1=" " ind2=" ">
    <subfield code="a">xi,224p.;</subfield>
    <subfield code="b">ills.:</subfield>
    <subfield code="c">221cm</subfield>
  </datafield>
  <datafield tag="505" ind1=" " ind2=" ">
    <subfield code="a">Contents:The Context of health and health care:Health and health care -- What is health? -- What is health care? -- What do health care and health do for people? -- Health and health care across the world -- Conclusion -- Economics and efficiency:More in areas more about-but at a diminishing rate -- Substitution:more than one way to skin a cat' -- Scarcity:a dismal reality for the dismal science -- Supply and demand-and the magic equilibrium -- Conclusion. -- Equality ans fairness:Externalities :unselfishly motivated -- Transfers in cash or in kind -- Three theories of distributive justice -- The health frontier and trade-offs -- Conclusion ans some conceptual clarifications -- Intervening  in the determinants of health -- The health environment -- The physical environment -- The social environment -- Conclusion -- Health-related lifestyle -- Diet -- Exercise -- Substance -- Conclusion --  Financing health care:Uncertainty and health insurance -- The welfare gain from insurance -- Moral hazard -- Risks differ:actuarially fair insurance -- Adverse selection -- Conclusion -- Patient Payments:The third party or the patient pays -- Co-Payment,co-insurance,co-funding,cost sharing -- Deductibles -- Distributive implications -- Negative patient payments -- Autonomous consumer or complaint patient -- Conclusion. -- Paying health care providers:Primary care -- Fee for service -- Capitation -- Salary -- Comparing three payments systems --  Conclusion -- Secondary care:reimbursement -- Prospective fixed budgets -- Prospective variable -- Macro vs micro level -- conclusion --  Integrating the health care provider system Interventions:integration and incentives -- Conclusion -- Economic evaluation and priority setting:Non-monetary effects and monetary benefits -- Incommensurable  outcome  measures -- commensurable measures of health effects -- production gains resulting from improved health -- Threshold values and net monetary benefits -- conclusion -- Cost and discounting:Average vs marginal costs -- identifying cost items:analysis viewpoint -- Health service cost -- Non health service cost -- The discount rate -- Conclusion -- Equity issues:going beyond CBA and ICER: Productivity changes and willingness to pay vary with income -- Health gain:size and distribution matter -- Severity:equality in prospective health -- Age:equality  in total health -- causes of health -- Consequences beyond patients health gains Conclusion.  </subfield>
  </datafield>
  <datafield tag="942" ind1=" " ind2=" ">
    <subfield code="2">lcc</subfield>
    <subfield code="c">BK</subfield>
  </datafield>
  <datafield tag="999" ind1=" " ind2=" ">
    <subfield code="c">3013</subfield>
    <subfield code="d">10513</subfield>
  </datafield>
  <datafield tag="952" ind1=" " ind2=" ">
    <subfield code="0">0</subfield>
    <subfield code="1">0</subfield>
    <subfield code="2">lcc</subfield>
    <subfield code="4">0</subfield>
    <subfield code="7">0</subfield>
    <subfield code="a">WIUC-1</subfield>
    <subfield code="b">WIUC-1</subfield>
    <subfield code="c">REF</subfield>
    <subfield code="d">2014-06-18</subfield>
    <subfield code="l">0</subfield>
    <subfield code="o">RA410.O47</subfield>
    <subfield code="p">7805/232/14</subfield>
    <subfield code="r">2014-06-18 00:00:00</subfield>
    <subfield code="t">1</subfield>
    <subfield code="w">2014-06-18</subfield>
    <subfield code="y">BK</subfield>
  </datafield>
  <datafield tag="952" ind1=" " ind2=" ">
    <subfield code="0">0</subfield>
    <subfield code="1">0</subfield>
    <subfield code="2">lcc</subfield>
    <subfield code="4">0</subfield>
    <subfield code="7">0</subfield>
    <subfield code="a">WIUC-1</subfield>
    <subfield code="b">WIUC-1</subfield>
    <subfield code="d">2014-07-03</subfield>
    <subfield code="l">0</subfield>
    <subfield code="o">RA410.O471</subfield>
    <subfield code="p">7806/233/14</subfield>
    <subfield code="r">2014-07-03 00:00:00</subfield>
    <subfield code="t">2</subfield>
    <subfield code="w">2014-07-03</subfield>
    <subfield code="y">BK</subfield>
  </datafield>
</record>
